000 00962nam a22002177a 4500
005 20241128153915.0
010 _aENG-142679
020 _c965.00
_a9789361595134
035 _aEN-126211
037 _bDBAD
082 _a005.43
_25
100 _aTanenbaum, Andrew S.
_974293
245 _aModern Operating Systems/
_cBy Andrew S. Tanenbaum [and] Herbert Bos
250 _a5
260 _aUttar Pradesh
_bPearson India Education Pvt Ltd
_c2025
270 _bUttar Pradesh
_a1st FLoor, Berger Tower, Plot No. C-001A/2, Sector-16B, Noida
_e201301
300 _axxviii,1156p.
_c23cm(pb)
_bIndex
500 _aWith New Chapter on Window 11 | Computer security includes digital pests - Virus, Malware etc |... Modern Operating Systems | With New Chapter on Window 11 | Computer security includes digital pests - Virus, Malware etc | Linux and Android Case Study
700 _aBos, Herbert
_eAuthor
_974294
942 _2ddc
_cEN
_h005.43
_mTAN
_e5
999 _c207172
_d207172